Most Popular XXXTENTACION Songs - Statistics

General Stats
  • This quiz has been taken 88 times
  • The average score is 20 of 57
Answer Stats
Hint Answer % Correct
2,264,451,000 SAD!
96%
1,952,060,000 Moonlight
88%
2,243,858,000 Jocelyn Flores
87%
1,486,703,000 Look At Me!
84%
1,522,421,000 Hope
81%
1,712,202,000 Fuck Love (feat. Trippie Redd)
78%
560,215,000 BAD!
73%
1,392,752,000 changes (feat. PnB Rock)
70%
1,478,799,000 Revenge
69%
1,657,539,000 Everybody Dies In Their Nightmares
62%
1,233,769,000 [Lil Peep] Falling Down - Bonus Track
60%
523,748,000 NUMB
56%
981,843,000 the remedy for a broken heart (why am i so in love)
51%
461,284,000 YuNg BrAtZ
51%
342,758,000 bad vibes forever (feat. PnB Rock, Trippie Redd)
48%
121,889,000 vice city
43%
249,587,000 Ex Bitch
38%
616,089,000 I Don't Wanna Do This Anymore
38%
313,116,000 Save Me
38%
294,226,000 [Kanye West] True Love
36%
352,550,000 Riot
36%
566,191,000 Carry On
35%
212,402,000 Floor 555
32%
198,397,000 going down!
32%
379,946,000 Depression & Obsession
30%
166,820,000 King
30%
172,019,000 A GHETTO CHRISTMAS CAROL
29%
248,151,000 before I close my eyes
29%
335,066,000 infinity (888) (feat. Joey Bada$$)
29%
598,727,000 Arms Around You (feat. Lil Pump, Maluma, Swae Lee)
27%
183,397,000 Orlando
27%
193,458,000 I don't even speak spanish lol (feat. Rio Santana, Judah, Andrez Babii)
26%
417,824,000 [Ski Mask The Slump God] Take A Step Back
25%
138,266,000 Sauce!
23%
115,712,000 HEARTEATER
22%
140,049,000 Off The Wall! (feat. Ski Mask The Slump God)
21%
134,709,000 Ayala (Outro)
19%
116,399,000 hate will never win
19%
707,625,000 [Kodak Black] Roll in Peace
19%
376,233,000 [Noah Cyrus] Again
19%
395,422,000 woah (mind in awe)
19%
193,508,000 ALONE, PART 3
18%
129,870,000 ATTENTION!
17%
141,754,000 Dead Inside (Interlude)
17%
140,226,000 Guardian angel
16%
140,125,000 what are you so afraid of
16%
137,683,000 Looking for a Star
14%
131,639,000 Slipknot (feat. Kin$oul, Killstation)
13%
106,752,000 difference (interlude)
12%
140,288,000 I don't let go
12%
127,123,000 What In XXXTarnation (feat. Ski Mask The Slump God)
10%
230,143,000 [Bass Santana] Curse (feat. Cooliecut, Kin$oul)
9%
186,192,000 $$$ (feat. Matt Ox)
8%
285,161,000 [Lil Wayne] Scared of the Dark (feat. Ty Dolla $ign)
8%
205,526,000 [Rich Brian] Gospel (feat. Keith Ape)
8%
357,311,000 RIP Poach (feat. Ski Mask The Slump God)
3%
154,466,000 [Lil Wayne] Don't Cry
1%
No matching quizzes found
Score Distribution
Percent of People with Each Score
Percentile by Number Answered
Your Score History
You have not taken this quiz